Szczegóły MARC21

Slovar' russkogo âzyka : v četyreh tomah. T. 2, K-O /

003 -Nazwa inst., której nr kontr. jest w polu 001 [,]
    • @
    • Nazwa instytucji, której n kontrolny jest w polu 001
    • NUKAT
005 -DATA I CZAS OSTATNIEJ MODYFIKACJI [,]
    • @
    • pole kontrolne
    • 20241231111453.0
040 -Instytucja sporządzająca opis [ , ]
    • a
    • Instytucja, która sporządziła opis (NP)
    • KR 93/GM
    • c
    • Instytucja, która sporządziła rekord (NP)
    • KR 93/GM
    • d
    • Instytucja, która zmodyfikowała rekord (P)
    • KR 93/MM
    • d
    • Instytucja, która zmodyfikowała rekord (P)
    • KR 93/MSs
    • d
    • Instytucja, która zmodyfikowała rekord (P)
    • KAT U/41BM
942 -Rodzaj dokumentu [ , ]
    • c
    • Rodzaj dokumentu
    • Książka
245 -Strefa tytułu i oznaczenia odpowiedzialności [0,0]
    • a
    • Tytuł
    • Slovar' russkogo âzyka : Find
    • b
    • Ciąg dalszy tytułu (NP)
    • v četyreh tomah. Find
    • n
    • Oznaczenie części (P)
    • T. 2,
    • p
    • Nazwa części (P)
    • K-O /
    • c
    • Pozostałe elementy strefy tytułu i oznaczenia odpowiedzialności (NP)
    • [red. 2 t. vtorogo izd. A. P. Evgen'eva i G. A. Razumnikova] ; Akademiâ nauk SSSR. Institut russkogo âzyka.
250 -Strefa wydania [ , ]
    • a
    • Oznaczenie wydania (NP)
    • Izd. 2, ispravl. i dopoln.
260 -Strefa adresu wydawniczego [ , ]
    • a
    • Miejsce wydania (P)
    • Moskva :
    • b
    • Nazwa wydawcy (P)
    • "Russkij âzyk",
    • c
    • Data wydania (P)
    • 1983.
300 -Strefa opisu fizycznego [ , ]
    • a
    • Określenie formy książki i/lub objętość (NP)
    • 736 s. ;
    • c
    • Format (NP)
    • 27 cm.
336 -Typ zawartości [ , ]
    • a
    • Termin opisujący typ zawartości
    • Tekst
    • b
    • Kod określający zawartość
    • txt
    • 2
    • Źródło (terminu i kodu)
    • rdacontent
337 -Typ mediów [ , ]
    • a
    • Tryb odtwarzania
    • Bez urządzenia pośredniczącego
    • b
    • Kod typu mediów
    • n
    • 2
    • Źródło (terminu i kodu)
    • rdamedia
338 -Typ/rodzaj nośnika [ , ]
    • a
    • Hasło opisujące typ nośnika
    • Wolumin
    • b
    • Kod typu nośnika
    • nc
    • 2
    • Źródło (terminu i kodu)
    • rdacarrier
500 -Uwaga ogólna [ , ]
    • a
    • Uwaga ogólna (NP)
    • Druk trzyszpaltowy.
650 -Hasło przedmiotowe [ ,7]
    • a
    • Hasło przedmiotowe
    • Język rosyjski
    • v
    • Określnik formalny
    • słowniki.
    • 2
    • Źródło terminu
    • kaba
    • 9
    • KHW
    • 113441
700 -Hasło dodatkowe - nazwa osobowa [1, ]
    • a
    • Nazwa osobowa (NP)
    • Evgenʹeva, Anastasiâ Petrovna Find
    • d
    • Daty biograficzne (NP)
    • (1899-1985).
    • e
    • Określenie rodzaju współpracy
    • Red.
    • 9
    • KHW
    • 38627
700 -Hasło dodatkowe - nazwa osobowa [1, ]
    • a
    • Nazwa osobowa (NP)
    • Razumnikova, G. A. Find
    • e
    • Określenie rodzaju współpracy
    • Red.
    • 9
    • KHW
    • 476415
Lokalizacja Numer inwentarzowy Status udost. Sygnatura
BGZ.658091 
BMR.39971ROS.Słowniki jęz. rosyjskiego 07
BMR.29911 
BMJO.4041